00310nam a2200121Ia 4500008004100000100001900041245003300060260003200093300000800125650003100133942000700164999001700171190216s9999||||xx |||||||||||||| ||und|| aGovindapilla.P 0aPoonthanam Muthal Simon Vare bPoorna Pubs Kozhikodec1989 a159 aMalayalam-Malayalam Essays cBK c27034d27034